Представление документа в формате MARC21

ПолеНазваниеЗначение
  Тип записи a
  Библиографический уровень m
001 Контрольный номер RU\infra-m\znanium\bibl\2226111
005 Дата корректировки 20260429142111.5
008 Кодируемые данные 250912s2025 RU g rus u
020 Индекс ISBN __
a ISBN 978-5-9729-2403-5
040 Источник каталогиз. __
a Служба первич. каталог. Общество с ограниченной ответственностью «ЗНАНИУМ»
041 Код языка издания __
a Код языка текста rus
044 Код страны публикации __
a Код страны публикации RU
080 Индекс УДК __
a Индекс УДК 621
080 Индекс УДК __
a Индекс УДК 658
080 Индекс УДК __
a Индекс УДК 665
084 Индекс другой классификации/Индекс ББК __
2 Источник индекса rubbk
a Индекс другой классификации/Индекс ББК 355
084 Индекс другой классификации/Индекс ББК __
2 Источник индекса rubbk
a Индекс другой классификации/Индекс ББК 397
084 Индекс другой классификации/Индекс ББК __
2 Источник индекса okso
a Индекс другой классификации/Индекс ББК 21.03.01
100 Автор __
a Автор Кривко Е.В.
q Полное имя Кривко Елена Валерьевна
u Дополнение Тихоокеанский государственный университет
245 Заглавие __
a Заглавие Основы метрологического обеспечения производства на объектах транспорта нефтегазовой отрасли
b Продолж. заглавия Учебное пособие
c Ответственность Тихоокеанский государственный университет
250 Сведения об издании __
a Основные сведения об издании 1
260 Выходные данные __
a Место издания Вологда
b Издательство Инфра-Инженерия
c Дата издания 2025
300 Физическое описание __
a Объем 208 с.
520 Аннотация __
a Аннотация Приведены базовые понятия метрологии. Изложены основы метрологического обеспечения производства на объектах транспорта нефтегазовой отрасли. Рассмотрены показатели качества нефти нефтепродуктов и газа исследуемые перед их транспортировкой и описаны процессы организации и обеспечения метрологического обслуживания средств измерений на производстве. Представлена организационная структура метрологического обеспечения нормативная база. Освещены вопросы проведения учета на объектах транспорта нефтегазовой отрасли. Пособие содержит примеры необходимые для усвоения изложенного материала и вопросы для самоподготовки. Для студентов обучающихся по направлению подготовки 21.03.01 «Нефтегазовое дело» (профиль «Эксплуатация и обслуживание объектов транспорта и хранения нефти газа и продуктов»).
521 Примеч. о цел. назн. __
a Примеч. о целев. назн. ВО - Бакалавриат
650 Тематические рубрики __
a Основная рубрика Промышленность. Энергетика
x Основная подрубрика Горная промышленность. Металлургия
655 Указ. предметных рубрик (устаревшее) __
a Жанр/ форма (устаревшее) Учебное пособие
856 Электронный адрес документа 4_
a Имя сервера/домена znanium.ru
m Помощь ebs_support@infra-m.ru
n Местонахождение сервера НИЦ ИНФРА-М
u URL https://znanium.ru/catalog/document?id=469667
856 Электронный адрес документа 48
a Имя сервера/домена znanium.ru
d Путь /cover/2226
f Электронное имя 2226111.jpg
u URL https://znanium.ru/cover/2226/2226111.jpg
911 __
u 0030=https://znanium.ru/catalog/document?id=469667